Catalog

Record Details

Catalog Search



Available copies

  • 2 of 2 copies available at LARL/NWRL Consortium.
  • 1 of 1 copy available at Lake Agassiz Regional Library. (Show preferred library)

Current holds

0 current holds with 2 total copies.

Show Only Available Copies
Location Call Number / Copy Notes Barcode Shelving Location Status Due Date
Crookston Public Library LEV (Text) 33500010094787 Main Available -
Roseau Public Library LEV (Text) 35500004537948 Main Available -

Record details

  • ISBN: 9780385528719
  • ISBN: 038552871X
  • Physical Description: p. cm.
  • Edition: 1st ed.
  • Publisher: New York : Spiegel & Grau, 2009.
Subject: Teenage girls > India > Fiction.
Teenage prostitution > Fiction.
Indentured servants > Fiction.
Diaries > Authorship > Fiction.
India > Fiction.
LDR 01231cam a22003498a 4500
001102687
003LARL_NWRL_CONSORTIUM
00520090406095452.0
008080811s2009 nyu 000 1 eng
010 . ‡a2008035259
020 . ‡a9780385528719
020 . ‡a038552871X
035 . ‡a(OCoLC)81242481
040 . ‡aDLC ‡cDLC ‡dUPM ‡dYDXCP ‡dBTCTA
08200. ‡a813/.6 ‡222
1001 . ‡aLevine, James, ‡d1963- ‡0(LARL_NWRL_CONSORTIUM)199549
24514. ‡aThe blue notebook / ‡cJames Levine.
250 . ‡a1st ed.
260 . ‡aNew York : ‡bSpiegel & Grau, ‡c2009.
300 . ‡ap. cm.
650 0. ‡aTeenage girls ‡zIndia ‡vFiction.
650 0. ‡aTeenage prostitution ‡vFiction.
650 0. ‡aIndentured servants ‡vFiction. ‡0(LARL_NWRL_CONSORTIUM)165359
650 0. ‡aDiaries ‡xAuthorship ‡vFiction. ‡0(LARL_NWRL_CONSORTIUM)171895
651 0. ‡aIndia ‡vFiction. ‡0(LARL_NWRL_CONSORTIUM)165195
901 . ‡a102687 ‡bOCLC ‡c102687 ‡tbiblio

Additional Resources